Geography Quiz

Random Geography or State Quiz

US States With 10 Or More Representatives Quiz Stats

Quiz Updated Feb 20, 2015

Challenge
Share
Tweet
Embed
Score 0/13 Timer 01:00
10 Plays Today
Number State % Correct
53California
99%
27New York
96.9%
36Texas
96.7%
27Florida
93%
18Illinois
78.2%
18Pennsylvania
75.4%
16Ohio
75.3%
14Michigan
62.8%
14Georgia
62.4%
11Virginia
57.8%
12New Jersey
52.3%
13North Carolina
52.2%
10Washington
49.2%

You're not logged in!

Compare scores with friends on all Sporcle quizzes.
Join for Free
OR
Log In

You Might Also Like...

Show Comments

Extras

Top Quizzes Today


Score Distribution

Your Account Isn't Verified!

In order to create a playlist on Sporcle, you need to verify the email address you used during registration. Go to your Sporcle Settings to finish the process.

Report this User

Report this user for behavior that violates our Community Guidelines.

Details: